000 00223nam a2200085Ia 4500
245 0 _aDeath mask
100 _a MASTERTON, Graham New York City, 2009
_984565
942 _cBK
008 210817s9999 xx 000 0 und d
999 _c310357
_d310356